00698cam a2200229 i 4500001000800000005001700008008004100025010001700066020001500083040001800098041000800116080001700124082001700141100000700158101000800165245007500173504003000248906004500278942001200323999001700335952011600352267847720180222032827.0751202s1976 mau b 001 0 eng  a 74016927  a0669936669 aDLCcDLCdDLC aeng a301.3207 KLI00a301.3207 KLI a50 aSOC00aIssues in population education /cedited by David Kline, David Harman. aBibliography: p. 267-279. a7bcbccorignewd1eocipf19gy-gencatlg 2ddccBK c43100d43100 00102udc40708PËKGa002b002cPËKGd2018-02-22l0o301.3207 KLIp002-2999973r2018-02-22w2018-02-22yBK